| 000 | 00823nam a22002057a 4500 | ||
|---|---|---|---|
| 999 |
_c18454 _d18454 |
||
| 003 | AR-CdUCM | ||
| 008 | 190514b ||||| |||| 00| 0 spa d | ||
| 040 |
_aMUNICIPALIDAD PROVINCIAL DEL CUSCO _cBIBLIOTECA MUNICIPAL DEL CUSCO |
||
| 082 |
_a600 / _bS12 |
||
| 100 |
_aSagasti, Francisco R. _923169 |
||
| 245 | _aTecnología, planificación y desarrollo autónomo / | ||
| 260 |
_aLima : _bInstituto de Estudios Peruanos, _c1977. |
||
| 300 |
_a158 paginas ; _c20 cm. |
||
| 505 | _aContenido :Subdesarrollo, ciencia y tecnología --Planificación científica y tecnológica en países subdesarrollados --Hacia un nuevo enfoque para la planificación científica y tecnológica ... | ||
| 650 |
_aCiencia _92098 |
||
| 650 |
_aTecnologia _91571 |
||
| 650 |
_aRecursos _939 |
||
| 942 |
_2ddc _cLIBROS |
||
| 945 |
_arjall _d2019-05-14 |
||